Produkty horenia vybraných polymérnych materiálov, používaných pre kábelárske aplikácie

Bibliographic Details
Main Author: Sulová, Janka (Author)
Format: Article
Language:Slovak
PhysicalDescription:Obr., tab.
ISSN:1335-0676
Subjects:

MARC

LEADER 00000nab a2200000 a 4500
001 vtls000700614
003 SK-MaSNL
005 20260304133107.0
008 250429c1999 xo 0 slo
015 |a SNBRB1999/09-21526 
035 |a CLN000052781 
035 |a urn:nbn:sk:snk-ab2dgk 
035 |a (urnnbn)urn:nbn:sk:snk:ar-a027es 
035 |a (uuid)0468aecb-4f76-4529-8ed8-7f33a434958c 
040 |a SNKBUCL  |b slo  |c SNKBUCL  |e AACR2 
041 0 |a slo 
044 |a xo  |c SK 
080 |a 621.315.616:536.46  |2 1997 
080 |a 536.46  |2 1997 
080 |a 621.315.2  |2 1997 
100 1 |a Sulová, Janka  |4 aut  |9 564566 
245 1 0 |a Produkty horenia vybraných polymérnych materiálov, používaných pre kábelárske aplikácie  |c Janka Sulová 
300 |b Obr., tab. 
504 |a Res. angl. 
504 |a Bibliogr. odkazy 
650 0 7 |a izolanty polymérne  |x horenie  |x splodiny  |2 snkbucl  |9 1449599 
650 0 7 |a horenie  |2 snkbucl  |9 17158 
650 0 7 |a káble bezhalogénové  |2 snkbucl  |9 956884 
650 0 7 |a káble PVC  |2 snkbucl  |9 1386307 
655 7 |a články z novín a časopisov  |2 snkbucl  |9 267496 
773 0 |t Ekt  |g Roč. 52, č. 1/2 (1999), s. 40-43  |x 1335-0676 
850 |a Slovenská národná knižnica 
852 |a Slovenská národná knižnica 
954 |a odborná, vedecká literatúra pôvodná (slovenská)  |2 lita 
958 |a article27 
958 |a NB 
958 |a OND 
958 |a EUIPO 
992 |a RBX 
999 |c 2900227  |d 2902157